<?xml version="1.0" encoding="UTF-8"?>
<record
    xmlns:xsi="http://www.w3.org/2001/XMLSchema-instance"
    xsi:schemaLocation="http://www.loc.gov/MARC21/slim http://www.loc.gov/standards/marcxml/schema/MARC21slim.xsd"
    xmlns="http://www.loc.gov/MARC21/slim">

  <leader>00312nam a2200109   4500</leader>
  <datafield tag="245" ind1=" " ind2=" ">
    <subfield code="a">Ministry of fear : an entertainment</subfield>
    <subfield code="c">Graham Greene</subfield>
  </datafield>
  <datafield tag="100" ind1=" " ind2=" ">
    <subfield code="a">Greene, Graham</subfield>
  </datafield>
  <datafield tag="260" ind1=" " ind2=" ">
    <subfield code="a">Harmondsworth,Eng</subfield>
    <subfield code="b"> Penguin Books</subfield>
    <subfield code="c">1963[reprinted 1972]</subfield>
  </datafield>
  <datafield tag="300" ind1=" " ind2=" ">
    <subfield code="a">236p.; 18cm.-</subfield>
  </datafield>
  <datafield tag="490" ind1=" " ind2=" ">
    <subfield code="a">Penguin books</subfield>
  </datafield>
  <datafield tag="082" ind1=" " ind2=" ">
    <subfield code="a">823.912</subfield>
    <subfield code="b">GRE</subfield>
  </datafield>
  <datafield tag="952" ind1=" " ind2=" ">
    <subfield code="0">0</subfield>
    <subfield code="1">0</subfield>
    <subfield code="4">0</subfield>
    <subfield code="7">0</subfield>
    <subfield code="8">ENGL</subfield>
    <subfield code="a">NEHU</subfield>
    <subfield code="b">NEHU</subfield>
    <subfield code="d">2011-11-18</subfield>
    <subfield code="l">0</subfield>
    <subfield code="o">823.912 GRE</subfield>
    <subfield code="p">A1071</subfield>
    <subfield code="r">2011-11-18 00:00:00</subfield>
    <subfield code="w">2011-11-18</subfield>
    <subfield code="y">BK</subfield>
  </datafield>
  <datafield tag="999" ind1=" " ind2=" ">
    <subfield code="c">1756</subfield>
    <subfield code="d">1756</subfield>
  </datafield>
</record>
